[Event "9th Asrian Memorial 2016"]
[Site "Yerevan ARM"]
[Date "2016.06.22"]
[Round "7.13"]
[White "Petrosyan, Tigran S."]
[Black "Tiraturyan, David"]
[Result "1/2-1/2"]
[WhiteTitle "IM"]
[WhiteElo "2478"]
[BlackElo "2235"]
[WhiteFideId "13303678"]
[BlackFideId "13304402"]
[EventDate "2016.06.16"]

1. Nf3 Nf6 2. c4 g6 3. Nc3 Bg7 4. e4 c5 5. d4 cxd4 6. Nxd4 Nc6 7. Be3 O-O 8. Be2
d6 9. O-O Bd7 10. Nc2 Be6 11. f3 Nd7 12. Qd2 Qa5 13. f4 Bxc3 14. bxc3 Nc5 15.
Bxc5 Qxc5+ 16. Qe3 Qxe3+ 17. Nxe3 f6 18. Nd5 Rac8 19. Kf2 Kf7 20. Ke3 Na5 21.
Kd4 Rc5 22. f5 Nc6+ 23. Ke3 Bxd5 24. cxd5 Ne5 25. Kd4 Rfc8 26. Rfc1 Ra5 27. a4
Rcc5 28. c4 Rc7 29. Rcb1 Rac5 30. Rb5 g5 31. Rxc5 Rxc5 32. a5 Ke8 33. Kc3 Kd8
34. g3 Kc7 35. h4 g4 36. Kd4 Kb8 37. Kc3 1/2-1/2

[Event "9th Asrian Memorial 2016"]
[Site "Yerevan ARM"]
[Date "2016.06.22"]
[Round "7.14"]
[White "Igonin, Temur"]
[Black "Yeritsyan, Hayk"]
[Result "1-0"]
[WhiteTitle "IM"]
[WhiteElo "2474"]
[BlackElo "2082"]
[WhiteFideId "14203049"]
[BlackFideId "13307320"]
[EventDate "2016.06.16"]

1. e4 c5 2. Nf3 Nc6 3. d4 cxd4 4. Nxd4 e5 5. Nb5 a6 6. Nd6+ Bxd6 7. Qxd6 Qf6 8.
Qxf6 Nxf6 9. Nc3 Nb4 10. Bd3 h6 11. Be3 d5 12. exd5 Nxd3+ 13. cxd3 Bf5 14. d4 e4
15. Bf4 Rd8 16. Bc7 Rd7 17. d6 O-O 18. Na4 Nd5 19. Nc5 Rxc7 20. dxc7 Nxc7 21.
Nxb7 Rb8 22. Nd6 Bg6 23. Nc4 Ne6 24. Rd1 Nf4 25. O-O Bh5 26. f3 exf3 27. gxf3
Re8 28. Rd2 Re6 29. d5 Rg6+ 30. Kh1 Nh3 31. Rg2 Rf6 32. d6 Kf8 33. d7 Ke7 34.
Rd2 Kd8 35. Ne5 Re6 36. Re1 1-0

[Event "9th Asrian Memorial 2016"]
[Site "Yerevan ARM"]
[Date "2016.06.22"]
[Round "7.15"]
[White "Davtyan, Artur"]
[Black "Hakobyan, Aram"]
[Result "1/2-1/2"]
[BlackTitle "FM"]
[WhiteElo "2239"]
[BlackElo "2382"]
[WhiteFideId "13308327"]
[BlackFideId "13306677"]
[EventDate "2016.06.16"]

1. d4 Nf6 2. c4 e6 3. Nc3 Bb4 4. Qc2 O-O 5. a3 Bxc3+ 6. Qxc3 d6 7. Bg5 Nbd7 8.
e3 b6 9. Ne2 c5 10. Rd1 Qc7 11. Qc2 Ba6 12. Nc3 d5 13. Nb5 Bxb5 14. cxb5 c4 15.
b3 a6 16. Bf4 Qb7 17. bxa6 Qxa6 18. bxc4 Rfc8 19. Bd6 b5 20. Bb4 bxc4 21. Be2
Qa4 22. Qxa4 Rxa4 23. f3 Nb8 24. Rb1 Nc6 25. Bc5 Nd7 26. Bd6 Ra6 27. Rb7 Nb6 28.
Kd2 Na5 29. Rc7 Nb3+ 30. Kc3 Rxc7 31. Bxc7 Na8 32. Bd8 Rxa3 33. Rb1 Kf8 34. Bd1
f6 35. Kb2 Ra7 36. Bxb3 Ke8 37. Bxf6 cxb3 38. Be5 Nb6 39. Kxb3 Nc4 40. Re1 Ra3+
41. Kb4 Rxe3 42. Rxe3 Nxe3 43. g4 g6 44. Kc3 Kd7 45. Kd3 Nc4 46. Bg7 Kc6 47. Bf8
Kb5 48. Kc3 Ka4 49. Be7 Na3 50. Bc5 Nb5+ 51. Kb2 Nc7 52. Bd6 Na8 53. Kc3 Nb6 54.
Bc5 Nc4 55. Bf8 Kb5 56. Kd3 Kc6 57. Bg7 Kd6 58. Bf8+ Kd7 59. Bg7 Ke7 60. h3 Kf7
61. Bh6 Nd6 62. Ke3 Ke7 63. Bg5+ Kd7 64. Bf6 Kc6 65. Be7 Nf7 66. Kd3 Kd7 67. Bf6
Kc6 68. Be7 Kb5 69. Kc3 Ka4 70. h4 Ka5 71. Kd3 Kb5 72. Bf8 Nd8 73. Kc3 Nc6 74.
Bd6 Ka4 75. Bf8 Na5 76. Bd6 Nc4 77. Be7 Kb5 78. Bf8 Kc6 79. Kd3 Kd7 80. Bh6 Ke7
81. Bg5+ Kf7 82. Bf4 Nb6 83. Ke3 Nd7 84. Bc7 Kf6 85. Kf4 Kg7 86. Kg5 h6+ 87. Kf4
Kf7 88. Bd8 Nb8 89. Bc7 Nc6 90. Ke3 Nb4 91. Bf4 Kg7 92. Be5+ Kh7 93. Bd6 Nc6 94.
Bf8 Nd8 95. Be7 Nf7 96. Kf4 Kg7 97. Bb4 g5+ 98. hxg5 Nxg5 99. Be7 Nf7 100. Bh4
Kg6 101. Be7 h5 102. gxh5+ Kxh5 103. Bf6 Kg6 104. Be7 Nh6 105. Ke5 Kf7 106. Bg5
Nf5 107. Bd2 Ne7 108. Kf4 Kf6 109. Bb4 Nf5 110. Bc5 Kg7 111. Kg5 Kf7 112. Kf4
Ke8 113. Ke5 Kd7 114. Kf4 Nh4 115. Kg4 Ng2 116. Kg3 Ne3 117. Kf4 Nc4 118. Bf8
Kc6 119. Be7 Kd7 120. Bf8 Ke8 121. Bc5 Kf7 122. Bb4 Nb2 123. Bc3 Nc4 124. Bb4
Kf6 125. Be1 Nd6 126. Bh4+ Kf7 127. Ke5 Nf5 128. Bg5 Ng3 129. Bh4 Ne2 130. Bf2
Nc1 131. Bh4 Nd3+ 132. Kd6 Nf4 133. Bd8 Nd3 134. Bh4 Nc1 135. Ke5 Ne2 136. Bf2
Nc1 137. Bh4 Nd3+ 138. Kd6 Nf4 139. Bd8 Ng2 140. Ke5 Ne1 141. Kf4 Nc2 142. Ke5
Nb4 143. Kd6 Nc2 144. Ke5 Ne1 145. Kf4 Nd3+ 146. Kg5 Nb4 147. Bf6 Nc6 148. f4
Nb4 149. f5 Nc2 150. fxe6+ Kxe6 151. Be5 Ne1 152. Kf4 Nd3+ 153. Ke3 Nxe5 154.
dxe5 Kxe5 155. Kd3 d4 156. Kd2 Ke4 157. Ke2 d3+ 158. Kd2 Kd4 159. Kd1 Kc4 160.
Kd2 Kd4 161. Kd1 Ke3 162. Ke1 d2+ 163. Kd1 Kd3 1/2-1/2

[Event "9th Asrian Memorial 2016"]
[Site "Yerevan ARM"]
[Date "2016.06.22"]
[Round "7.16"]
[White "Gharibyan, Mamikon"]
[Black "Torosyan, Norayr"]
[Result "0-1"]
[WhiteTitle "CM"]
[WhiteElo "2085"]
[BlackElo "2361"]
[WhiteFideId "13308300"]
[BlackFideId "13300431"]
[EventDate "2016.06.16"]

1. d4 Nf6 2. c4 g6 3. Nc3 Bg7 4. e4 d6 5. Nf3 O-O 6. Be2 e5 7. O-O Nc6 8. d5 Ne7
9. b4 Nh5 10. Re1 f5 11. Ng5 Nf6 12. Bf3 Rb8 13. b5 h6 14. Ne6 Bxe6 15. dxe6 Qc8
16. Nd5 Qxe6 17. exf5 Nxf5 18. Nxf6+ Qxf6 19. Bxb7 Ne7 20. Bd5+ Nxd5 21. Qxd5+
Qf7 22. Qxf7+ Rxf7 23. Be3 c6 24. bxc6 Rc8 25. Red1 Rxc6 26. Rab1 Bf8 27. Rb8
Kg7 28. Ra8 Rxc4 29. Rxa7 Rxa7 30. Bxa7 Ra4 31. Bb8 Rb4 32. Bc7 Rc4 33. Bb8 Kf7
34. f3 Ke6 35. Rd2 d5 36. Re2 Bc5+ 37. Kf1 Bd4 38. g3 g5 39. Kg2 g4 40. f4 e4
41. h3 h5 42. hxg4 hxg4 43. a3 Rc8 44. f5+ Kxf5 45. Bf4 Rc4 46. Ra2 e3 47. Kf1
Ke4 48. Ke2 Bc5 0-1

[Event "9th Asrian Memorial 2016"]
[Site "Yerevan ARM"]
[Date "2016.06.22"]
[Round "7.17"]
[White "Matevosyan, Sedrak"]
[Black "Vardanian, Haik G."]
[Result "0-1"]
[BlackTitle "FM"]
[WhiteElo "2077"]
[BlackElo "2355"]
[WhiteFideId "13302035"]
[BlackFideId "13303562"]
[EventDate "2016.06.16"]

1. d4 d5 2. c4 dxc4 3. Nf3 Nf6 4. e3 e6 5. Bxc4 c5 6. O-O a6 7. Qe2 Nbd7 8. Nc3
b5 9. Bb3 Bb7 10. Rd1 Qb6 11. e4 cxd4 12. Nxd4 Bc5 13. Be3 O-O 14. f3 Ne5 15.
Nc2 Rac8 16. Bxc5 Rxc5 17. Kh1 a5 18. a3 Rfc8 19. Rd2 Ba6 20. Qe3 h6 21. Rad1
Kh7 22. Qd4 Qb7 23. Ne3 Ng6 24. f4 b4 25. Na4 Rc1 26. Bc2 Rxd1+ 27. Rxd1 Ng4 28.
Rd2 e5 29. fxe5 Nxe3 30. Qxe3 Nxe5 31. Qd4 Qb5 32. h3 bxa3 33. b3 Qb4 34. Qf2
Rc6 35. Rd1 Bc8 36. Ra1 Be6 37. Bd1 Nd3 38. Qa2 Qxa4 0-1

[Event "9th Asrian Memorial 2016"]
[Site "Yerevan ARM"]
[Date "2016.06.22"]
[Round "7.18"]
[White "Avetisyan, Mariam"]
[Black "Manukyan, Sargis A."]
[Result "1/2-1/2"]
[WhiteElo "2050"]
[BlackElo "2247"]
[WhiteFideId "13307622"]
[BlackFideId "13303970"]
[EventDate "2016.06.16"]

1. d4 d5 2. c4 e6 3. Nc3 Nf6 4. Nf3 Be7 5. Bf4 c5 6. dxc5 Na6 7. cxd5 Nxd5 8.
Nxd5 exd5 9. e4 Qa5+ 10. Qd2 Nb4 11. Rc1 dxe4 12. a3 Nc6 13. Qxa5 Nxa5 14. Nd2
f5 15. b4 Nc6 16. Nc4 O-O 17. Nd6 g5 18. Bc4+ Kg7 19. Bd2 Bf6 20. O-O Kg6 21.
Rfd1 Ne5 22. Bc3 Nxc4 23. Nxc4 Be6 24. Bxf6 Kxf6 25. Nd6 Rab8 26. b5 Ke7 27. Rd4
a6 28. bxa6 bxa6 29. Ra4 Ra8 30. Rb1 Rab8 31. Rab4 Rxb4 32. axb4 h5 33. Kf1 Rb8
34. Ke2 Kd7 35. Ke3 Kc7 36. b5 axb5 37. Nxb5+ Kd7 38. c6+ Ke7 39. c7 Rb6 40. h4
gxh4 41. Kf4 Bc8 42. Kg5 Be6 43. Kxh4 Kf6 44. Rb4 Rc6 45. Ra4 Rc1 46. Nd6 Rh1+
47. Kg3 h4+ 48. Kf4 h3 49. gxh3 Rxh3 50. Ne8+ Ke7 51. Ke5 Rc3 52. Ng7 Rc5+ 53.
Kf4 Bd7 54. Rd4 Bc8 55. Rd2 Kf7 56. Rd8 e3 57. fxe3 Rc4+ 58. Kg5 Rxc7 59. Nxf5
Bxf5 60. Kxf5 Rc5+ 61. Kf4 Kf6 62. e4 Ke6 63. Rh8 Ra5 64. Rh6+ Ke7 65. e5 Ra1
66. Kf5 Rf1+ 1/2-1/2

[Event "9th Asrian Memorial 2016"]
[Site "Yerevan ARM"]
[Date "2016.06.22"]
[Round "7.19"]
[White "Shmavonyan, Areg"]
[Black "Hovhannisyan, Karen G."]
[Result "0-1"]
[WhiteElo "1995"]
[BlackElo "2244"]
[WhiteFideId "13309420"]
[BlackFideId "13306618"]
[EventDate "2016.06.16"]

1. d4 Nf6 2. c4 g6 3. Nc3 Bg7 4. Nf3 O-O 5. Bf4 d6 6. e3 Nbd7 7. h3 c6 8. Be2
Re8 9. Bh2 Qb6 10. Qc2 e5 11. O-O c5 12. dxe5 dxe5 13. e4 Qc6 14. Rad1 a6 15.
Qd3 Bf8 16. Nd5 Nxd5 17. cxd5 Qd6 18. a4 b5 19. axb5 axb5 20. Ra1 c4 21. Qe3 Rb8
22. b3 cxb3 23. Qxb3 Nc5 24. Qb2 f6 25. Nd4 Nxe4 26. Nxb5 Qb6 27. Qc2 Bf5 28.
Qc6 Bc5 29. Ra6 Bxf2+ 30. Kh1 Qe3 31. Bc4 Nd2 32. d6+ Nxc4 33. Qxc4+ Kh8 34. Rd1
Be6 35. Qc6 Qe2 36. Nc3 Qc4 37. d7 Qxc6 38. Rxc6 Bxd7 39. Rxd7 Rbc8 40. Rxc8
Rxc8 41. Ne2 Rc2 42. Ng1 h5 43. Rf7 Bh4 44. g3 Bg5 45. Rd7 e4 46. Rd1 f5 47. Re1
Kg7 48. Re2 Rc3 49. h4 Bf6 50. Nh3 Bxh4 51. Kg2 Bf6 52. Bg1 Rb3 53. Be3 h4 54.
gxh4 Bxh4 55. Bf4 Kf6 56. Ra2 Rb6 57. Be3 Rd6 58. Rb2 g5 59. Rb8 Ra6 60. Rf8+
Ke5 61. Re8+ Kd5 62. Rg8 Ra2+ 63. Kf1 f4 64. Nxf4+ gxf4 65. Rg4 Ra1+ 66. Kg2
fxe3 0-1

[Event "9th Asrian Memorial 2016"]
[Site "Yerevan ARM"]
[Date "2016.06.22"]
[Round "7.20"]
[White "Hoghmrtsyan, Artur"]
[Black "Danielyan, Vahe"]
[Result "1-0"]
[BlackTitle "FM"]
[WhiteElo "1870"]
[BlackElo "2240"]
[WhiteFideId "13306685"]
[BlackFideId "13304828"]
[EventDate "2016.06.16"]

1. e4 e5 2. Nf3 Nc6 3. Bb5 g6 4. O-O Bg7 5. c3 Nge7 6. d4 d6 7. dxe5 dxe5 8.
Qxd8+ Kxd8 9. h3 h6 10. Bc4 Ke8 11. b4 a5 12. b5 Nd8 13. a4 b6 14. Ba3 Bb7 15.
Nbd2 g5 16. Rfe1 Ng6 17. Nf1 Ne6 18. Ng3 Ngf4 19. Nf5 Bf6 20. Ne3 h5 21. Nd5 Bg7
22. h4 g4 23. Ng5 Nxd5 24. Bxd5 Bxd5 25. exd5 Nxg5 26. hxg5 Rd8 27. Rad1 Kd7 28.
Re4 f5 29. gxf6 Bxf6 30. Rc4 Rh7 31. Rc6 Rf7 32. c4 Kc8 33. c5 bxc5 34. b6 e4
35. bxc7 Re8 36. Rb1 Kd7 37. c8=Q+ 1-0

[Event "9th Asrian Memorial 2016"]
[Site "Yerevan ARM"]
[Date "2016.06.22"]
[Round "7.21"]
[White "Babayan, Armine"]
[Black "Mashalov, Aliniyaz"]
[Result "1-0"]
[WhiteElo "2169"]
[BlackElo "1680"]
[WhiteFideId "13304135"]
[BlackFideId "14004003"]
[EventDate "2016.06.16"]

1. e4 e6 2. d4 d5 3. Nc3 Bb4 4. Ne2 dxe4 5. a3 Be7 6. Nxe4 Nf6 7. N2c3 Nc6 8.
Be3 Nxe4 9. Nxe4 f5 10. Nc3 Bf6 11. Bb5 O-O 12. Bxc6 bxc6 13. O-O Rb8 14. Rb1
Qd6 15. Ne2 Ba6 16. c3 c5 17. Re1 cxd4 18. Nxd4 c5 19. Nf3 Qc6 20. Qc2 Rfd8 21.
Rbd1 Bc4 22. b4 Bd5 23. Bxc5 Bxf3 24. gxf3 Qxf3 25. Rxd8+ Rxd8 26. Qe2 Qxe2 27.
Rxe2 Rd1+ 28. Kg2 Bxc3 29. Rxe6 a5 30. b5 Rd5 31. Rc6 Rd7 32. Bd6 Kf7 33. b6 Bd4
34. Bc7 g5 35. b7 Ba7 36. Ra6 Bb8 37. Bxb8 Rxb7 38. Be5 Rb5 39. Bc7 g4 40. Rxa5
Rxa5 41. Bxa5 1-0

[Event "9th Asrian Memorial 2016"]
[Site "Yerevan ARM"]
[Date "2016.06.22"]
[Round "7.22"]
[White "Barseghyan, Armen Ar."]
[Black "Sayadyan, Edvard"]
[Result "1-0"]
[WhiteElo "1849"]
[BlackElo "2016"]
[WhiteFideId "13306707"]
[BlackFideId "13304909"]
[EventDate "2016.06.16"]

1. d4 Nf6 2. Nf3 g6 3. c4 Bg7 4. Nc3 O-O 5. e4 d6 6. h3 e5 7. d5 Nh5 8. g3 f5 9.
exf5 gxf5 10. Ng5 Qe8 11. c5 Na6 12. cxd6 cxd6 13. Ne6 Bxe6 14. dxe6 Nf6 15.
Bxa6 bxa6 16. Qxd6 Qh5 17. Qxa6 f4 18. g4 Nxg4 19. e7 Rf6 20. Qb7 Re8 21. hxg4
Qxg4 22. Qb5 Qg6 23. Qc4+ Kh8 24. Qe4 Rxe7 25. Qxg6 Rxg6 26. Ne4 Rb7 27. b3 a5
28. Bd2 Rb5 29. f3 Bf8 30. Rc1 Bb4 31. Bxb4 axb4 32. Rc8+ Rg8 33. Nf6 1-0

[Event "9th Asrian Memorial 2016"]
[Site "Yerevan ARM"]
[Date "2016.06.22"]
[Round "7.23"]
[White "Sargsyan, Anna M."]
[Black "Arakelyan, Nare"]
[Result "1-0"]
[WhiteElo "1948"]
[BlackElo "1766"]
[WhiteFideId "13308130"]
[BlackFideId "13307657"]
[EventDate "2016.06.16"]

1. e4 e5 2. Nf3 Nc6 3. Bb5 a6 4. Ba4 Nf6 5. d4 b5 6. Bb3 Nxe4 7. O-O d5 8. dxe5
Be6 9. c3 Be7 10. Nd4 Nxe5 11. f3 Nc5 12. Qe2 Nc4 13. Bc2 Qd6 14. Re1 Bf6 15. b3
Nb6 16. Ba3 Nbd7 17. b4 Bxd4+ 18. cxd4 Nb7 19. Nd2 O-O 20. Nf1 Nd8 21. Ng3 Nc6
22. Qd2 a5 23. Nh5 Rfe8 24. Qg5 g6 25. f4 Qe7 26. Qh6 Qf8 27. Qg5 f6 28. Qg3 Qh6
29. f5 Qxh5 30. fxe6 Nf8 31. Qxc7 Ne7 32. Bd3 Qg4 33. Bxb5 Nxe6 34. Qd6 Nf4 35.
g3 Nh3+ 36. Kg2 Nf5 37. Qxd5+ Kh8 38. Kh1 Red8 39. Qg2 Rab8 40. Be2 Qxd4 41.
Qxh3 axb4 42. g4 Ne7 43. Rad1 Qe4+ 44. Bf3 Rxd1 45. Rxd1 Qc2 46. Qg3 Rb6 47. Qe1
Qc5 48. Bb2 Kg7 49. Bd4 1-0

[Event "9th Asrian Memorial 2016"]
[Site "Yerevan ARM"]
[Date "2016.06.22"]
[Round "7.24"]
[White "Gavrish, Leonid"]
[Black "Golikov, Daniil"]
[Result "0-1"]
[WhiteElo "2212"]
[BlackElo "2142"]
[WhiteFideId "14110040"]
[BlackFideId "24170623"]
[EventDate "2016.06.16"]

1. d4 d5 2. c4 e6 3. Nc3 c6 4. e4 dxe4 5. Nxe4 Nf6 6. Nxf6+ Qxf6 7. Nf3 Nd7 8.
Bd3 Bb4+ 9. Bd2 Bxd2+ 10. Qxd2 h6 11. O-O-O O-O 12. Qe3 Rd8 13. h4 Nf8 14. g4
Qe7 15. g5 h5 16. Ne5 g6 17. c5 Bd7 18. Be4 Be8 19. f4 Qc7 20. Qf3 Qa5 21. a3
Qa4 22. Qc3 b6 23. cxb6 axb6 24. Nxc6 Bd7 25. Kb1 Re8 26. Ne5 Rac8 27. Qd2 Bb5
28. Rc1 Rxc1+ 29. Rxc1 Rd8 30. Rd1 Nd7 31. Bc2 Qa8 32. Qb4 Nxe5 33. dxe5 Rxd1+
34. Bxd1 Bd3+ 35. Ka2 Qh1 36. Qd2 Bc4+ 37. b3 Bd5 38. a4 Qxh4 39. Qe3 Qh2+ 40.
Ka3 h4 41. Qxb6 Qxf4 42. Qd8+ Kg7 43. Qf6+ Qxf6 44. exf6+ Kf8 45. Bg4 Bg2 46.
Kb4 h3 47. Bxh3 Bxh3 48. Kc5 Ke8 49. Kd6 Kd8 50. b4 Bf1 51. b5 Bc4 52. Kc5 Bd5
53. a5 Kc7 54. a6 Bg2 55. b6+ Kd7 56. b7 Kc7 57. b8=Q+ Kxb8 58. Kd6 Bd5 59. Ke7
e5 60. Kd6 Be6 61. Kxe5 Ka7 62. Kd6 Kxa6 0-1

[Event "9th Asrian Memorial 2016"]
[Site "Yerevan ARM"]
[Date "2016.06.22"]
[Round "7.25"]
[White "Mkrtchyan, Sargis R."]
[Black "Golikov, Sergei"]
[Result "1-0"]
[WhiteElo "2183"]
[BlackElo "1774"]
[WhiteFideId "13307878"]
[BlackFideId "34103330"]
[EventDate "2016.06.16"]

1. d4 Nf6 2. Nf3 g6 3. c4 Bg7 4. Nc3 O-O 5. e4 d6 6. Be2 Nbd7 7. h3 e5 8. d5 Ne8
9. g4 f5 10. gxf5 gxf5 11. exf5 Rxf5 12. Be3 Nc5 13. Qc2 e4 14. Nd4 Nd3+ 15.
Bxd3 exd3 16. Qxd3 Rh5 17. O-O-O Qf6 18. Ne4 Qe5 19. f4 Qe7 20. Rdg1 Kh8 21. Ng5
Qf6 22. Rg2 c5 23. Nde6 b5 24. Rhg1 bxc4 25. Qc3 h6 26. Qxf6 hxg5 27. Qg6 1-0

[Event "9th Asrian Memorial 2016"]
[Site "Yerevan ARM"]
[Date "2016.06.22"]
[Round "7.26"]
[White "Korniyuk, Mariya"]
[Black "Zhylkaidarova, Sholpan"]
[Result "0-1"]
[WhiteTitle "WFM"]
[BlackTitle "WFM"]
[WhiteElo "2082"]
[BlackElo "2164"]
[WhiteFideId "14118874"]
[BlackFideId "13700138"]
[EventDate "2016.06.16"]

1. e4 e6 2. d4 d5 3. Bd3 dxe4 4. Bxe4 Nf6 5. Bf3 c5 6. Ne2 Nc6 7. Be3 cxd4 8.
Nxd4 Ne5 9. Qe2 Nxf3+ 10. Nxf3 Be7 11. Nc3 a6 12. a4 b6 13. Qc4 Bb7 14. Rd1 Qc8
15. Ne5 Nd5 16. Nxd5 Bxd5 17. Qg4 Bf6 18. Nd3 Qxc2 19. O-O O-O 20. Bxb6 Rac8 21.
Nb4 Qxa4 22. Ra1 Qb5 23. Nxd5 exd5 24. Be3 d4 25. Bf4 Rfd8 26. Rfd1 Rc2 27. b4
d3 28. Ra5 Qxb4 29. Rf5 Qe4 30. Qg3 d2 0-1

[Event "9th Asrian Memorial 2016"]
[Site "Yerevan ARM"]
[Date "2016.06.22"]
[Round "7.27"]
[White "Nanyan, Georgy"]
[Black "Hakobyan, Hovhannes H."]
[Result "0-1"]
[WhiteElo "1570"]
[BlackElo "2161"]
[WhiteFideId "13310100"]
[BlackFideId "13306308"]
[EventDate "2016.06.16"]

1. Nf3 Nf6 2. g3 g6 3. Bg2 d6 4. d4 Bg7 5. O-O O-O 6. c4 Nbd7 7. Nc3 e5 8. e3
exd4 9. exd4 h6 10. Be3 Re8 11. h3 a6 12. Qd2 Kh7 13. Rad1 Rb8 14. a3 b5 15.
cxb5 axb5 16. Rfe1 Nb6 17. Qc1 Nc4 18. Nd2 Nxe3 19. fxe3 b4 20. axb4 Rxb4 21.
Kh2 Ba6 22. Nd5 Nxd5 23. Bxd5 Qf6 24. Bg2 Qf2 25. Rf1 Bxf1 26. Rxf1 Qxe3 27.
Rxf7 Re7 28. Rxe7 Qxe7 29. Be4 Rxd4 30. Qc2 Rxd2+ 31. Qxd2 Qxe4 0-1

[Event "9th Asrian Memorial 2016"]
[Site "Yerevan ARM"]
[Date "2016.06.22"]
[Round "7.28"]
[White "Hairapetian, Anna"]
[Black "Karapetyan, Lusine"]
[Result "0-1"]
[WhiteTitle "WIM"]
[WhiteElo "2184"]
[BlackElo "1961"]
[WhiteFideId "13303554"]
[BlackFideId "13303163"]
[EventDate "2016.06.16"]

1. d4 Nf6 2. Nf3 g6 3. c4 Bg7 4. Nc3 d5 5. cxd5 Nxd5 6. e4 Nxc3 7. bxc3 c5 8.
Rb1 O-O 9. Be2 Nc6 10. d5 Ne5 11. O-O Nxf3+ 12. Bxf3 Bxc3 13. Bh6 Re8 14. Qc2
Bd4 15. Rfd1 Qd6 16. g3 b6 17. Bf4 Be5 18. Be3 f5 19. Bg2 f4 20. gxf4 Bxf4 21.
Bxf4 Qxf4 22. Rb3 Bg4 23. Re1 Qe5 24. Rg3 Bd7 25. f4 Qxf4 26. e5 Bf5 27. Qe2
Qd4+ 28. Kh1 Rac8 29. Rd1 Qa4 30. Rf1 Rf8 31. h3 Qh4 32. Kh2 c4 33. d6 e6 34.
Qd2 Bd3 35. Rg4 Qh5 36. Re1 Qf5 37. d7 Rcd8 38. Bc6 Qf2+ 39. Qxf2 Rxf2+ 40. Kg1
Rxa2 41. Rd4 Rb2 42. Re3 b5 43. Rf3 a5 44. Rd6 Bf5 45. Kh1 Kf7 46. Ra3 a4 47.
Rc3 Rb3 48. Rxb3 axb3 49. Bxb5 b2 0-1

[Event "9th Asrian Memorial 2016"]
[Site "Yerevan ARM"]
[Date "2016.06.22"]
[Round "7.29"]
[White "Kshtoyan, Indat"]
[Black "Chubar, Vladimir"]
[Result "1-0"]
[BlackTitle "IM"]
[WhiteElo "1939"]
[BlackElo "2007"]
[WhiteFideId "13304801"]
[BlackFideId "14101491"]
[EventDate "2016.06.16"]

1. d4 Nf6 2. c4 e6 3. Nf3 Bb4+ 4. Bd2 Qe7 5. g3 O-O 6. Bg2 Nc6 7. O-O Bxd2 8.
Nbxd2 d6 9. e4 e5 10. d5 Nb8 11. Ne1 Bg4 12. f3 Bd7 13. Nd3 a5 14. a3 a4 15. b4
axb3 16. Qxb3 b6 17. Ra2 Ra5 18. Qc3 Ra7 19. Kh1 h5 20. f4 Ng4 21. f5 f6 22. Bf3
Be8 23. Bxg4 hxg4 24. Rfa1 g6 25. Nf1 gxf5 26. exf5 Nd7 27. Ne3 Qg7 28. Qd2 Nc5
29. Nxc5 bxc5 30. a4 Qg5 31. Qe2 Bd7 32. Qxg4 Qxg4 33. Nxg4 Kg7 34. Ne3 Ra5 35.
Rb2 Rxa4 36. Rxa4 Bxa4 37. g4 Kh6 38. Kg2 Rc8 39. Kg3 Be8 40. Rb7 c6 41. h4 1-0

[Event "9th Asrian Memorial 2016"]
[Site "Yerevan ARM"]
[Date "2016.06.22"]
[Round "7.30"]
[White "Nazaryan, Armenak"]
[Black "Abrahamyan, Rashid"]
[Result "1-0"]
[WhiteElo "1845"]
[BlackElo "1756"]
[WhiteFideId "13304747"]
[BlackFideId "13304054"]
[EventDate "2016.06.16"]

1. e4 c5 2. Nc3 g6 3. d4 cxd4 4. Qxd4 Nf6 5. Nf3 Nc6 6. Qa4 h6 7. e5 Nh7 8. Bf4
Bg7 9. O-O-O g5 10. Bg3 Qa5 11. Qe4 Nf8 12. Bc4 Ne6 13. Bxe6 dxe6 14. h4 Bd7 15.
hxg5 O-O-O 16. gxh6 Bxh6+ 17. Kb1 f5 18. Qc4 Kb8 19. a3 Bc8 20. Bf4 Rxd1+ 21.
Rxd1 Bg7 22. Re1 a6 23. Na4 Rh4 24. Re2 Rh1+ 25. Ka2 Rd1 26. Bd2 Qc7 27. Nc3 Rh1
28. Bf4 Qd8 29. Ng5 Rh4 30. g3 Rh5 31. Nf3 Rh1 32. Rd2 Qa5 33. Re2 Qb6 34. Na4
Qc7 35. Nc5 Qb6 36. Nd3 Rd1 37. Be3 Qc7 38. Qc5 Qa5 39. Qxa5 Nxa5 40. Nfe1 Nc4
41. Bf4 b6 42. b3 Na5 43. Bd2 Nc6 44. Bc3 Bd7 45. f4 Kc8 46. Rh2 Kd8 47. Bd2 Ke8
48. Nb2 1-0

[Event "9th Asrian Memorial 2016"]
[Site "Yerevan ARM"]
[Date "2016.06.22"]
[Round "7.31"]
[White "Grigoryan, Arpine"]
[Black "Hakobyan, Yurik L."]
[Result "1-0"]
[WhiteElo "1978"]
[BlackElo "1544"]
[WhiteFideId "13307231"]
[BlackFideId "13308866"]
[EventDate "2016.06.16"]

1. e4 e6 2. d4 d5 3. Nc3 Bb4 4. Ne2 dxe4 5. a3 Bxc3+ 6. Nxc3 Nc6 7. Bb5 Bd7 8.
Nxe4 a6 9. Be2 h6 10. Bf3 Nf6 11. Nc5 Rb8 12. O-O O-O 13. c4 a5 14. Bf4 b6 15.
Na6 Rb7 16. d5 Nb8 17. dxe6 Bc6 18. exf7+ Kxf7 19. Bxc6 Nxc6 20. Nxc7 g5 21. Bg3
h5 22. Nb5 Rd7 23. Qf3 Nd4 24. Nxd4 Rxd4 25. Be5 Rxc4 26. Rad1 Qe7 27. Rfe1 g4
28. Qf5 Rd8 29. Rxd8 Qxd8 30. Bxf6 Qxf6 31. Qd5+ Kg7 32. Qxc4 Qxb2 33. Re7+ Kf6
34. Qe6+ Kg5 1-0

[Event "9th Asrian Memorial 2016"]
[Site "Yerevan ARM"]
[Date "2016.06.23"]
[Round "8.1"]
[White "Zhigalko, Andrey"]
[Black "Hovhannisyan, Robert"]
[Result "1-0"]
[WhiteTitle "GM"]
[BlackTitle "GM"]
[WhiteElo "2594"]
[BlackElo "2641"]
[WhiteFideId "13502247"]
[BlackFideId "13302507"]
[EventDate "2016.06.16"]

1. c4 c6 2. e4 d5 3. cxd5 cxd5 4. exd5 Nf6 5. Qa4+ Nbd7 6. Nc3 g6 7. Nf3 Bg7 8.
Bc4 O-O 9. d3 Nb6 10. Qb3 Bg4 11. Ne5 Qc7 12. f4 Qc5 13. h3 Bc8 14. Ke2 Nh5 15.
Kf3 e6 16. g4 exd5 17. Nxd5 Nxd5 18. Bxd5 Bxe5 19. gxh5 Bd4 20. hxg6 hxg6 21.
Bd2 Rd8 22. Bxf7+ Kg7 23. Rae1 b5 24. Re4 Bb7 25. Be6 Qh5+ 26. Bg4 Qh4 27. Rh2
Bd5 28. Qc2 Bb6 29. Re2 Rd6 30. Be1 Qd8 31. Kg3 Bxe4 32. dxe4 Kh7 33. Kh2 Rd3
34. Rg2 Qd6 35. Bg3 Rxg3 36. Kxg3 Be3 37. e5 Qd4 38. Qc7+ Kh6 39. Qf7 Qc5 40.
Bh5 Rg8 41. Qxg8 Bxf4+ 42. Kxf4 Qd4+ 43. Kf3 Qd3+ 44. Kf2 Qd4+ 45. Kf1 Qc4+ 46.
Qxc4 1-0

[Event "9th Asrian Memorial 2016"]
[Site "Yerevan ARM"]
[Date "2016.06.23"]
[Round "8.2"]
[White "Kovalev, Vladislav"]
[Black "Oleksiyenko, Mykhaylo"]
[Result "1/2-1/2"]
[WhiteTitle "GM"]
[BlackTitle "GM"]
[WhiteElo "2584"]
[BlackElo "2615"]
[WhiteFideId "13504398"]
[BlackFideId "4152417"]
[EventDate "2016.06.16"]

1. e4 g6 2. d4 Bg7 3. Nc3 d6 4. Be3 a6 5. a4 Nf6 6. h3 O-O 7. Nf3 Nc6 8. Be2 e5
9. dxe5 dxe5 10. O-O b6 11. Qc1 Nd4 12. Nxe5 Nxe2+ 13. Nxe2 Nxe4 14. Nf3 Bb7 15.
Ra3 Re8 16. Re1 Qd7 17. Bd4 Bf8 18. Re3 c5 19. Be5 Qxa4 20. Nc3 Nxc3 21. Bxc3
Bxf3 22. Rxf3 Rxe1+ 23. Qxe1 Re8 24. Qd2 Bg7 25. Qd5 Re6 26. Qa8+ Qe8 27. Qxa6
Bxc3 28. bxc3 Re1+ 29. Kh2 Qe5+ 30. g3 Qe4 31. Kg2 Qe2 32. Qd3 Kg7 33. c4 Qd1
34. Qc3+ Kg8 35. Rd3 1/2-1/2